[Event "SRB-chT2 East"]
[Site "Serbia"]
[Date "2017.10.07"]
[Round "9.1"]
[White "Livaja, Mario"]
[Black "Vlahovic, Bogdan"]
[Result "1/2-1/2"]
[WhiteElo "2314"]
[BlackElo "2307"]
[PlyCount "39"]
[EventDate "2017.09.08"]
[EventType "team-tourn"]
[EventRounds "11"]
[EventCountry "SRB"]
[SourceTitle "EXT 2022"]
[Source "ChessBase"]
[SourceDate "2021.10.06"]
[SourceVersion "1"]
[SourceVersionDate "2021.10.06"]
[SourceQuality "1"]

1. d4 Nf6 2. Nf3 b6 3. g3 Bb7 4. Bg2 g6 5. c4 Bg7 6. 0-0 0-0 7. Nc3 Ne4 8. Qc2 Nxc3 9. Qxc3 c5 10. e3 d6 11. b3 Nc6 12. Bb2 Rc8 13. Rad1 cxd4 14. exd4 d5 15. Ne5 dxc4 16. bxc4 Qc7 17. Bxc6 Bxc6 18. Rfe1 Ba8 19. Qb3 Rfd8 20. d5 1/2-1/2

[Event "SRB-chT 1st League"]
[Site "Kragujevac"]
[Date "2016.09.13"]
[Round "5.5"]
[White "Vlahovic, Bogdan"]
[Black "Ilic, Dragan M"]
[Result "1/2-1/2"]
[WhiteElo "2312"]
[BlackElo "2333"]
[PlyCount "27"]
[EventDate "2016.09.10"]
[EventType "team-tourn"]
[EventRounds "11"]
[EventCountry "SRB"]
[SourceTitle "CBM 174 Extra"]
[Source "ChessBase"]
[SourceDate "2016.10.10"]
[SourceVersion "1"]
[SourceVersionDate "2016.10.10"]
[SourceQuality "1"]
[WhiteTeam "Leskovac Glubocica"]
[BlackTeam "Valjevo"]
[WhiteTeamCountry "SRB"]
[BlackTeamCountry "SRB"]

1. Nf3 e6 2. b3 f5 3. Bb2 Nf6 4. g3 d5 5. Bg2 Bd6 6. 0-0 0-0 7. e3 c6 8. d4 Nbd7 9. Nbd2 b6 10. c4 Qe7 11. Rc1 Bb7 12. Qe2 a5 13. a4 Rfc8 14. Rfd1 1/2-1/2

[Event "Vojvodina-chT"]
[Site "Novi Sad"]
[Date "2015.11.15"]
[Round "7.2"]
[White "Vlahovic, Bogdan"]
[Black "Varga, Zoltan"]
[Result "1/2-1/2"]
[WhiteElo "2321"]
[BlackElo "2447"]
[PlyCount "69"]
[EventDate "2015.11.10"]
[EventType "team-tourn"]
[EventRounds "9"]
[EventCountry "SRB"]
[SourceTitle "CBM 169 Extra"]
[Source "ChessBase"]
[SourceDate "2015.12.18"]
[SourceVersion "1"]
[SourceVersionDate "2015.12.18"]
[SourceQuality "1"]
[WhiteTeam "Novi Banovci Omladinac"]
[BlackTeam "Backa Pacir"]
[WhiteTeamCountry "SRB"]
[BlackTeamCountry "SRB"]

1. Nf3 d5 2. g3 c6 3. b3 Bg4 4. Bg2 Nd7 5. Bb2 Qc7 6. d4 Ngf6 7. Nbd2 e6 8. 0-0 h6 9. c4 a5 10. Qe1 Bb4 11. a3 Be7 12. cxd5 exd5 13. Ne5 Bf5 14. Nxd7 Qxd7 15. f3 0-0 16. e4 Bg6 17. e5 Ne8 18. h3 Nc7 19. f4 f5 20. Kh2 Ne6 21. Nf3 Qc7 22. Qe3 Qb6 23. Rfb1 Bh5 24. Ne1 g5 25. Bc3 gxf4 26. gxf4 Kh8 27. Nc2 Rg8 28. Bf3 Bf7 29. Be2 c5 30. Bd3 Rac8 31. Bd2 Bh5 32. Qf2 cxd4 33. b4 a4 34. Rg1 Rgf8 35. Rg2 1/2-1/2

[Event "Vojvodina-chT"]
[Site "Novi Sad"]
[Date "2015.11.10"]
[Round "1.2"]
[White "Ratkovic, Miloje"]
[Black "Vlahovic, Bogdan"]
[Result "1-0"]
[WhiteElo "2388"]
[BlackElo "2321"]
[PlyCount "81"]
[EventDate "2015.11.10"]
[EventType "team-tourn"]
[EventRounds "9"]
[EventCountry "SRB"]
[SourceTitle "CBM 169 Extra"]
[Source "ChessBase"]
[SourceDate "2015.12.18"]
[SourceVersion "1"]
[SourceVersionDate "2015.12.18"]
[SourceQuality "1"]
[WhiteTeam "Elemir Naftagas"]
[BlackTeam "Novi Banovci Omladinac"]
[WhiteTeamCountry "SRB"]
[BlackTeamCountry "SRB"]

1. d4 e6 2. Nf3 b6 3. Bf4 Bb7 4. e3 f5 5. h3 Nf6 6. Nbd2 Bd6 7. Bxd6 cxd6 8. Bd3 0-0 9. Qe2 Ne4 10. 0-0-0 Qe7 11. Rhg1 Nxd2 12. Nxd2 Nc6 13. c3 d5 14. f4 Rac8 15. Kb1 Qe8 16. g4 Ne7 17. Nf3 Rc7 18. Rg2 Bc8 19. Rdg1 d6 20. Qe1 Kh8 21. Ka1 Ng8 22. Nh4 Rf6 23. Qg3 Ne7 24. Nf3 Ng6 25. Qh2 Re7 26. h4 fxg4 27. Rxg4 e5 28. Bxg6 hxg6 29. Rg5 Kg8 30. dxe5 dxe5 31. Nxe5 Bf5 32. h5 Rxe5 33. fxe5 Re6 34. hxg6 Bxg6 35. Qg3 Kh7 36. Rg4 Qc6 37. Qh4+ Kg8 38. Qd8+ Re8 39. Qd6 Qxd6 40. exd6 Bf7 41. Rxg7+ 1-0

[Event "Gligoric Cup 3rd"]
[Site "Kraljevo"]
[Date "2015.05.21"]
[Round "6.1"]
[White "Popovic, Dusan"]
[Black "Vlahovic, Bogdan"]
[Result "1-0"]
[WhiteElo "2492"]
[BlackElo "2322"]
[PlyCount "67"]
[EventDate "2015.05.16"]
[EventType "team-swiss"]
[EventRounds "7"]
[EventCountry "SRB"]
[SourceTitle "CBM 166 Extra"]
[Source "ChessBase"]
[SourceDate "2015.06.18"]
[SourceVersion "1"]
[SourceVersionDate "2015.06.18"]
[SourceQuality "1"]
[WhiteTeam "Novi Sad"]
[BlackTeam "Novi Banovci Omladinac"]
[WhiteTeamCountry "SRB"]
[BlackTeamCountry "SRB"]

1. e4 b6 2. d4 Bb7 3. Bd3 e6 4. Nf3 c5 5. 0-0 Be7 6. Nc3 a6 7. e5 cxd4 8. Nxd4 d5 9. exd6 Bxd6 10. Be4 Bxe4 11. Nxe4 Be7 12. Be3 Ra7 13. Qh5 Kf8 14. Rad1 Rd7 15. Rd3 Nf6 16. Nxf6 Bxf6 17. Rfd1 Qc8 18. c3 h6 19. Qe2 Kg8 20. Bf4 Bxd4 21. Rxd4 Rxd4 22. Rxd4 Kh7 23. Qd3+ f5 24. Bxb8 Qxb8 25. Qxa6 Rd8 26. Qd3 Rxd4 27. Qxd4 Qc7 28. a4 Kg6 29. h3 e5 30. Qd5 h5 31. Qe6+ Kg5 32. h4+ Kf4 33. Qd5 e4 34. g3+ 1-0

[Event "Vojvodina-chT 2nd League"]
[Site "Stari Banovci"]
[Date "2013.11.08"]
[Round "7"]
[White "Vlahovic, Bogdan"]
[Black "Sekulic, Dusan"]
[Result "1/2-1/2"]
[WhiteElo "2329"]
[BlackElo "2298"]
[PlyCount "27"]
[EventDate "2013.11.03"]
[EventType "team-tourn"]
[EventRounds "11"]
[EventCountry "SRB"]
[SourceTitle "EXT 2015"]
[Source "ChessBase"]
[SourceDate "2014.11.20"]
[SourceVersion "1"]
[SourceVersionDate "2014.11.20"]
[SourceQuality "1"]

1. Nf3 d6 2. d4 Nf6 3. b3 g6 4. Bb2 Bg7 5. Nbd2 0-0 6. g3 b6 7. Bg2 e5 8. dxe5 Ng4 9. 0-0 dxe5 10. b4 Be6 11. h3 Nh6 12. c3 f6 13. Qc2 Qc8 14. Nh2 1/2-1/2

[Event "SRB-chT2 Vojvodina League"]
[Site "Kac"]
[Date "2012.10.20"]
[Round "9"]
[White "Vlahovic, Bogdan"]
[Black "Stanojevic, Branko"]
[Result "1/2-1/2"]
[WhiteElo "2340"]
[BlackElo "2312"]
[PlyCount "24"]
[EventDate "2012.10.14"]
[EventType "team-swiss"]
[EventRounds "11"]
[EventCountry "SRB"]
[SourceTitle "EXT 2015"]
[Source "ChessBase"]
[SourceDate "2014.11.20"]
[SourceVersion "1"]
[SourceVersionDate "2014.11.20"]
[SourceQuality "1"]

1. Nf3 Nf6 2. c4 g6 3. b3 Bg7 4. Bb2 d6 5. g3 e5 6. Bg2 0-0 7. 0-0 c5 8. d3 Nc6 9. Nc3 Rb8 10. Nd2 Be6 11. Nde4 a6 12. h3 h6 1/2-1/2

[Event "SRB-chT2 Vojvodina League"]
[Site "Kac"]
[Date "2012.10.16"]
[Round "4"]
[White "Vlahovic, Bogdan"]
[Black "Orlov, Konstantin N"]
[Result "1-0"]
[WhiteElo "2340"]
[BlackElo "2247"]
[PlyCount "118"]
[EventDate "2012.10.14"]
[EventType "team-swiss"]
[EventRounds "11"]
[EventCountry "SRB"]
[SourceTitle "EXT 2015"]
[Source "ChessBase"]
[SourceDate "2014.11.20"]
[SourceVersion "1"]
[SourceVersionDate "2014.11.20"]
[SourceQuality "1"]

1. Nf3 Nf6 2. c4 e6 3. b3 d5 4. Bb2 Be7 5. g3 0-0 6. Bg2 c6 7. 0-0 b6 8. e3 Nbd7 9. Nc3 Ba6 10. d3 Rc8 11. Re1 b5 12. cxb5 cxb5 13. a3 Qb6 14. b4 Bb7 15. Nd4 a6 16. Nb3 Qd6 17. Qe2 e5 18. d4 exd4 19. exd4 Rfe8 20. Nc5 Qc7 21. Qd3 Nb6 22. Rad1 Rcd8 23. Bc1 Bc8 24. h3 Qc6 25. Re2 Bf8 26. Rde1 Rxe2 27. Rxe2 Re8 28. Bg5 h6 29. Rxe8 Nxe8 30. Bd8 Nf6 31. Bxb6 Qxb6 32. Nxd5 Nxd5 33. Bxd5 Bxh3 34. Qf3 Qg6 35. Nxa6 h5 36. Nc5 Bg4 37. Qe4 Bf5 38. Qf4 Bd6 39. Qh4 Kh7 40. Ne4 Bxe4 41. Qxe4 f5 42. Qe6 Qxe6 43. Bxe6 f4 44. Kg2 fxg3 45. fxg3 h4 46. gxh4 Bf4 47. Bd7 Bc1 48. Bxb5 Bxa3 49. Bd3+ Kg8 50. b5 Bb2 51. d5 Bd4 52. Kf3 Kf7 53. h5 Ke7 54. Ke4 Bc5 55. Ke5 Kd7 56. Kf5 Kd6 57. Kg6 Bd4 58. Be4 Ke7 59. b6 Kd6 1-0

[Event "Vojvodina-chT2"]
[Site "Vrbas"]
[Date "2011.09.30"]
[Round "9"]
[White "Vlahovic, Bogdan"]
[Black "Sipos, Istvan"]
[Result "0-1"]
[WhiteElo "2356"]
[BlackElo "2452"]
[PlyCount "98"]
[EventDate "2011.09.25"]
[EventType "team-tourn"]
[EventRounds "11"]
[EventCountry "SRB"]
[SourceTitle "CBM 144 Extra"]
[Source "ChessBase"]
[SourceDate "2011.10.28"]
[SourceVersion "1"]
[SourceVersionDate "2011.10.28"]
[SourceQuality "1"]

1. Nf3 Nc6 2. d4 d5 3. Bf4 Bf5 4. c3 e6 5. Qa4 Bd6 6. e3 Bxf4 7. exf4 Nge7 8. Be2 Qd6 9. g3 0-0 10. 0-0 a6 11. Qa3 Qd8 12. Nbd2 Bg4 13. Rfe1 Nf5 14. Ne5 Nxe5 15. fxe5 Bxe2 16. Rxe2 b6 17. f4 Qe7 18. Qb3 c5 19. Nf3 Rab8 20. Rf1 h5 21. Qd1 Rbc8 22. Qd3 b5 23. a3 Rc7 24. Rd1 Rfc8 25. Kg2 g6 26. dxc5 Rxc5 27. h3 Kg7 28. g4 Nh4+ 29. Nxh4 Qxh4 30. Qg3 Qxg3+ 31. Kxg3 hxg4 32. hxg4 Rc4 33. Rh2 a5 34. Rdh1 Kf8 35. Rh8+ Ke7 36. Rxc8 Rxc8 37. Rd1 b4 38. axb4 axb4 39. Rd3 Rb8 40. g5 bxc3 41. bxc3 Rc8 42. Kg4 Kd7 43. Rh3 Rc7 44. Rd3 Rc4 45. Rh3 Rc7 46. Rd3 Kc8 47. Kg3 Rc4 48. Kg4 Kb7 49. Rh3 Kb6 0-1

[Event "Vojvodina-chT2"]
[Site "Vrbas"]
[Date "2011.09.29"]
[Round "7"]
[White "Vlahovic, Bogdan"]
[Black "Pezelj, Novak"]
[Result "1/2-1/2"]
[WhiteElo "2356"]
[BlackElo "2373"]
[PlyCount "25"]
[EventDate "2011.09.25"]
[EventType "team-tourn"]
[EventRounds "11"]
[EventCountry "SRB"]
[SourceTitle "CBM 144 Extra"]
[Source "ChessBase"]
[SourceDate "2011.10.28"]
[SourceVersion "1"]
[SourceVersionDate "2011.10.28"]
[SourceQuality "1"]

1. Nf3 Nf6 2. c4 e6 3. g3 Be7 4. Bg2 0-0 5. 0-0 d5 6. d4 dxc4 7. Qa4 a6 8. Qxc4 b5 9. Qc2 Bb7 10. Nbd2 Nbd7 11. Ne5 Bxg2 12. Kxg2 Nxe5 13. dxe5 1/2-1/2

[Event "Vojvodina-chT"]
[Site "Sombor"]
[Date "2009.09.30"]
[Round "5"]
[White "Mozetic, Dejan"]
[Black "Vlahovic, Bogdan"]
[Result "1-0"]
[WhiteElo "2421"]
[BlackElo "2368"]
[PlyCount "135"]
[EventDate "2009.09.27"]
[EventType "team-swiss"]
[EventRounds "11"]
[EventCountry "YUG"]
[SourceTitle "EXT 2012"]
[Source "ChessBase"]
[SourceDate "2011.11.24"]
[SourceVersion "1"]
[SourceVersionDate "2011.11.24"]
[SourceQuality "1"]

1. c4 f5 2. Nc3 Nf6 3. g3 e6 4. Bg2 Bb4 5. Qb3 a5 6. e3 Nc6 7. Nge2 0-0 8. 0-0 Kh8 9. d3 Be7 10. a3 Qe8 11. Qc2 Bd8 12. d4 d6 13. d5 Ne5 14. b3 exd5 15. cxd5 Nf7 16. Nd4 Ng5 17. f3 h6 18. Bd2 Qf7 19. Nxf5 Nxd5 20. Nh4 Ne7 21. f4 Nh7 22. f5 Nf6 23. Ne4 Ng4 24. f6 gxf6 25. Nxf6 Nxf6 26. Rxf6 Qxf6 27. Bc3 Nf5 28. Nxf5 Qxc3 29. Qxc3+ Bf6 30. Nd4 c5 31. Rf1 cxd4 32. Qc7 Be6 33. Qxd6 Rae8 34. exd4 Kg7 35. Kh1 Bc8 36. h4 Rd8 37. Rxf6 Rxd6 38. Rxd6 Re8 39. Rb6 Re1+ 40. Kh2 Re2 41. h5 Bf5 42. Kg1 Ra2 43. a4 Bc2 44. Bxb7 Rb2 45. Bd5 Bf5 46. g4 Bd3 47. Be6 Rd2 48. Bf5 Bxf5 49. gxf5 Rxd4 50. Rg6+ Kf7 51. Rxh6 Rb4 52. Ra6 Rxb3 53. Rxa5 Rh3 54. Rd5 Rxh5 55. a5 Rh3 56. Kf2 Ra3 57. Ke2 Kf6 58. Kd2 Rh3 59. Kc2 Rf3 60. Kb2 Rh3 61. a6 Rh8 62. a7 Ra8 63. Ra5 Ke7 64. Ra6 Kd7 65. Kc3 Kc7 66. Kc4 Kb7 67. Kb5 Kc7 68. Rh6 1-0

[Event "Vojvodina-chT"]
[Site "Sombor"]
[Date "2009.09.29"]
[Round "4"]
[White "Vlahovic, Bogdan"]
[Black "Pavlik, Goran"]
[Result "1-0"]
[WhiteElo "2368"]
[BlackElo "2202"]
[PlyCount "109"]
[EventDate "2009.09.27"]
[EventType "team-swiss"]
[EventRounds "11"]
[EventCountry "YUG"]
[SourceTitle "EXT 2012"]
[Source "ChessBase"]
[SourceDate "2011.11.24"]
[SourceVersion "1"]
[SourceVersionDate "2011.11.24"]
[SourceQuality "1"]

1. Nf3 Nf6 2. c4 e6 3. b3 d5 4. Bb2 Be7 5. g3 0-0 6. Bg2 a5 7. 0-0 a4 8. Na3 b6 9. d3 Bb7 10. Qb1 Nc6 11. Rc1 Re8 12. Nc2 axb3 13. axb3 Rxa1 14. Bxa1 Nd7 15. b4 Bf6 16. Nd2 Bxa1 17. Qxa1 Nf6 18. Nb3 Qe7 19. c5 Ra8 20. Qc3 b5 21. Ncd4 Nxd4 22. Nxd4 c6 23. Ra1 Qe8 24. Nb3 Rxa1+ 25. Qxa1 Qa8 26. Qe5 Qd8 27. Na5 Ba8 28. e4 dxe4 29. Bxe4 Nd5 30. Bxd5 exd5 31. f4 Kf8 32. Kf2 Qe7 33. Qb8+ Qe8 34. Qa7 Qc8 35. Nb3 Bb7 36. Nd4 g6 37. Qa1 f6 38. Qe1 Kf7 39. h4 Qe8 40. Qd2 Bc8 41. Qa2 Bd7 42. Qa7 Qc8 43. Ke3 Kg8 44. Kd2 Kh8 45. Kc3 h5 46. Qa1 Qe8 47. Kd2 Kg8 48. Nc2 Kf7 49. Ne3 Qe6 50. f5 gxf5 51. Qf1 Kg6 52. Ng2 Kh6 53. Nf4 Qf7 54. Qa1 Qg7 55. Qa8 1-0

[Event "Vojvodina-chT"]
[Site "Sombor"]
[Date "2009.09.28"]
[Round "3"]
[White "Andrijevic, Milan"]
[Black "Vlahovic, Bogdan"]
[Result "1/2-1/2"]
[WhiteElo "2377"]
[BlackElo "2368"]
[PlyCount "56"]
[EventDate "2009.09.27"]
[EventType "team-swiss"]
[EventRounds "11"]
[EventCountry "YUG"]
[SourceTitle "EXT 2012"]
[Source "ChessBase"]
[SourceDate "2011.11.24"]
[SourceVersion "1"]
[SourceVersionDate "2011.11.24"]
[SourceQuality "1"]

1. e4 Nf6 2. e5 Nd5 3. d4 d6 4. Nf3 dxe5 5. Nxe5 c6 6. c4 Nf6 7. Nc3 g6 8. Be2 Bg7 9. 0-0 0-0 10. Be3 Nbd7 11. f4 Ne8 12. Qc2 Nd6 13. Rad1 Nf6 14. Bf3 Qc7 15. Rfe1 Bf5 16. Qe2 Nde4 17. Nxe4 Bxe4 18. Bd2 Bxf3 19. Qxf3 Rfd8 20. Bc3 e6 21. Qg3 Nd7 22. Ng4 Nf6 23. Ne5 Nd7 24. Nf3 Nf6 25. Qh4 Ne8 26. Ne5 Nd6 27. b3 Re8 28. Qf2 f5 1/2-1/2